[Event "2nd League CS-East 2011"]
[Site "?"]
[Date "2011.09.18"]
[Round "2.2"]
[White "Djokic, Nebojsa"]
[Black "Dodic, Dragan"]
[Result "0-1"]
[WhiteElo "2203"]
[BlackElo "2136"]
[PlyCount "54"]
[EventDate "2011.09.11"]

1. e4 c6 2. d4 d5 3. e5 Bf5 4. Nf3 e6 5. Be2 c5 6. O-O Nc6 7. Be3 cxd4 8. Nxd4
Nge7 9. g4 Bg6 10. f4 Nxd4 11. Bxd4 Qd7 12. Nc3 a6 13. Bd3 Bxd3 14. Qxd3 g6 15.
Rae1 h5 16. h3 hxg4 17. hxg4 Nc6 18. Kg2 Bb4 19. Rh1 O-O-O 20. Na4 Kb8 21. c3
Nxd4 22. Qxd4 Qxa4 23. Qxb4 Qc2+ 24. Kf3 Rxh1 25. Rxh1 Qd3+ 26. Kf2 Qd2+ 27.
Kf3 d4 0-1

[Event "2nd League CS-East 2011"]
[Site "?"]
[Date "2011.09.18"]
[Round "2.2"]
[White "Vlajic, Sasa"]
[Black "Garic, Radomir"]
[Result "0-1"]
[WhiteElo "2182"]
[BlackElo "2265"]
[PlyCount "58"]
[EventDate "2011.09.11"]

1. Nf3 c5 2. g3 Nc6 3. Bg2 g6 4. O-O Bg7 5. d3 d5 6. Nbd2 e6 7. c3 Nge7 8. Re1
b6 9. Nf1 a5 10. Qc2 Ra7 11. Bd2 O-O 12. Rad1 h6 13. h4 Ba6 14. Qc1 Kh7 15.
N1h2 f5 16. h5 gxh5 17. Nh4 Ne5 18. d4 cxd4 19. cxd4 Rc7 20. Qb1 N5g6 21. N2f3
Nxh4 22. Nxh4 Bf6 23. Bf4 Bxh4 24. Bxc7 Qxc7 25. gxh4 Qf4 26. Qc1 Qxh4 27. Qc7
f4 28. Qc3 Rg8 29. e4 Qg4 0-1

[Event "2nd League CS-East 2011"]
[Site "?"]
[Date "2011.09.18"]
[Round "2.2"]
[White "Zivanovic, Nenad"]
[Black "Tosic, Branislav"]
[Result "0-1"]
[WhiteElo "2185"]
[BlackElo "2244"]
[PlyCount "126"]
[EventDate "2011.09.11"]

1. e4 Nf6 2. e5 Nd5 3. Nc3 c6 4. d4 d6 5. f4 Bf5 6. Bd3 Bxd3 7. Qxd3 dxe5 8.
dxe5 Na6 9. Nxd5 Qxd5 10. Qxd5 cxd5 11. Be3 e6 12. Nf3 Nb4 13. Kd2 Rc8 14. Rhc1
a6 15. a3 Nc6 16. b4 Be7 17. c4 dxc4 18. Rxc4 Kd7 19. Ke2 Kc7 20. Rac1 Kb8 21.
Bb6 h6 22. h4 Bd8 23. Bc5 Be7 24. Bd6+ Bxd6 25. exd6 Rhd8 26. Ne5 Rxd6 27. Nxf7
Rd5 28. Ne5 Nd4+ 29. Kf2 Rxc4 30. Rxc4 Nf5 31. Nf3 Rd3 32. Re4 Rxa3 33. g4 Ra2+
34. Ke1 Ne7 35. Nd4 Nd5 36. g5 Rh2 37. Nxe6 Rxh4 38. gxh6 Rxh6 39. Nxg7 Rf6 40.
Kd2 Rxf4 41. Rxf4 Nxf4 42. Kc3 Kc7 43. Kc4 Kc6 44. Nf5 b5+ 45. Kc3 Nd5+ 46. Kb3
Kd7 47. Ng3 Kd6 48. Ne4+ Ke5 49. Nc5 Nc7 50. Kc3 Kd5 51. Nd3 Ne6 52. Ne1 Nf4
53. Nf3 Ke4 54. Ng5+ Ke3 55. Nf7 Nd5+ 56. Kb3 Kd4 57. Nd8 Nc7 58. Nf7 Ne6 59.
Nd6 Kd3 60. Nb7 Nd4+ 61. Ka3 Kc3 62. Nc5 Nc2+ 63. Ka2 Nxb4+ 0-1

[Event "2nd League CS-East 2011"]
[Site "?"]
[Date "2011.09.18"]
[Round "2.2"]
[White "Dragic, Vladimir"]
[Black "Madjar, Stanislav"]
[Result "1/2-1/2"]
[WhiteElo "2161"]
[BlackElo "2173"]
[PlyCount "106"]
[EventDate "2011.09.11"]

1. c4 Nf6 2. Nc3 c5 3. e4 Nc6 4. g4 h6 5. Bg2 Ne5 6. d4 cxd4 7. Qxd4 Nfxg4 8.
f4 Nc6 9. Qd1 d6 10. Nf3 Qb6 11. Qe2 Be6 12. b3 g6 13. h3 Nf6 14. Bb2 Bg7 15.
O-O-O Nh5 16. Qd2 Qa5 17. Kc2 a6 18. a4 Qb4 19. Rb1 Rc8 20. Ne2 Qxd2+ 21. Kxd2
Bxb2 22. Rxb2 Rg8 23. Ke3 g5 24. f5 Bd7 25. Ned4 Nf4 26. Bf1 Nxd4 27. Nxd4 Bc6
28. Ne2 Nxe2 29. Bxe2 a5 30. Bh5 Bd7 31. Rd2 Rc6 32. Rhd1 Rb6 33. Rd3 Rc6 34.
Bg4 f6 35. Bh5+ Kf8 36. Kf3 Kg7 37. Rd5 b6 38. Kg4 Rgc8 39. R5d4 Rc5 40. Kf3
Bc6 41. Ke3 Bb7 42. Rg1 Re5 43. Kd3 Bc6 44. Rg3 Be8 45. Bd1 h5 46. Rd5 Rxd5+
47. exd5 h4 48. Rg1 Kh6 49. Bg4 Bd7 50. Re1 Re8 51. Ke4 Kg7 52. Kf3 Kf8 53. Ra1
Rc8 1/2-1/2

[Event "2nd League CS-East 2011"]
[Site "?"]
[Date "2011.09.18"]
[Round "2.3"]
[White "Pavlovic, Dean"]
[Black "Dinic, Dragan"]
[Result "1/2-1/2"]
[WhiteElo "2287"]
[BlackElo "2290"]
[PlyCount "21"]
[EventDate "2011.09.11"]

1. c4 Nf6 2. g3 g6 3. Bg2 Bg7 4. Nc3 O-O 5. e3 c6 6. Nge2 d6 7. O-O e5 8. b4
Qc7 9. Bb2 Be6 10. d3 Nbd7 11. a4 1/2-1/2

[Event "2nd League CS-East 2011"]
[Site "?"]
[Date "2011.09.18"]
[Round "2.3"]
[White "Milenkovic, Blagoje"]
[Black "Panic, Milan"]
[Result "0-1"]
[WhiteElo "2121"]
[BlackElo "2265"]
[PlyCount "46"]
[EventDate "2011.09.11"]

1. d4 Nf6 2. c4 e6 3. Nc3 Bb4 4. Qd2 O-O 5. Nf3 c5 6. dxc5 Na6 7. a3 Bxc3 8.
Qxc3 Nxc5 9. b4 Nce4 10. Qd4 b6 11. g3 Ba6 12. Bg2 Rc8 13. b5 Bb7 14. Ng5 e5
15. Qxe5 Rxc4 16. Nxe4 Bxe4 17. f3 Re8 18. Qd6 Bd5 19. Bg5 Rc2 20. O-O Rexe2
21. Bh1 Qe8 22. Qf4 h6 23. Bxf6 Rg2+ 0-1

[Event "2nd League CS-East 2011"]
[Site "?"]
[Date "2011.09.18"]
[Round "2.3"]
[White "Kalcic, Krsta"]
[Black "Grujic, Nebojsa"]
[Result "1-0"]
[WhiteElo "2238"]
[BlackElo "2164"]
[PlyCount "79"]
[EventDate "2011.09.11"]

1. e4 e6 2. d4 d5 3. Nc3 Bb4 4. e5 c5 5. a3 Bxc3+ 6. bxc3 Ne7 7. Nf3 Qa5 8. Qd2
cxd4 9. cxd4 Qxd2+ 10. Bxd2 Nbc6 11. Bd3 Nf5 12. c3 O-O 13. g4 Nfe7 14. Nh4 Na5
15. Rb1 b6 16. f4 Nc4 17. Bc1 Bd7 18. f5 Rac8 19. Rf1 Na5 20. Bd2 exf5 21. gxf5
f6 22. e6 Ba4 23. Rf3 Nc4 24. Ke2 Be8 25. Rg1 Kh8 26. Rfg3 Bh5+ 27. Ke1 Nxd2
28. Kxd2 Rg8 29. Rh3 Rc7 30. Rgg3 Rgc8 31. Bb5 Be8 32. Ba6 Rb8 33. Bd3 Rbc8 34.
Bc2 Bb5 35. Rg1 Nc6 36. Bb1 Na5 37. Ng6+ Kg8 38. Nf4 Nb3+ 39. Ke1 Bc4 40. Nh5
1-0

[Event "2nd League CS-East 2011"]
[Site "?"]
[Date "2011.09.18"]
[Round "2.3"]
[White "Mijovic, Cedomir"]
[Black "Rajkovic, Branislav"]
[Result "0-1"]
[WhiteElo "1961"]
[BlackElo "2172"]
[PlyCount "58"]
[EventDate "2011.09.11"]

1. d4 d5 2. c4 e6 3. e3 Nf6 4. Nf3 Be7 5. Bd3 O-O 6. Nbd2 b6 7. O-O Bb7 8. Qc2
Nbd7 9. Ne5 c5 10. Nxd7 Qxd7 11. dxc5 Bxc5 12. cxd5 Qxd5 13. Nf3 Rfd8 14. Be2
Rac8 15. Qa4 Ne4 16. Bc4 Qh5 17. Ba6 Bc6 18. Qc2 Rc7 19. Be2 Bd6 20. h3 Ng5 21.
Nxg5 Qxg5 22. e4 Qe5 23. g3 Bxe4 24. Qd2 Rc2 25. Qe1 Bb7 26. Bd1 Rxf2 27. Qxe5
Rxf1+ 28. Kxf1 Bxe5 29. Kf2 Rxd1 0-1

[Event "2nd League CS-East 2011"]
[Site "?"]
[Date "2011.09.18"]
[Round "2.3"]
[White "Milosavljevic, Milica"]
[Black "Stojanovic, Dusan"]
[Result "1-0"]
[WhiteElo "1896"]
[BlackElo "2166"]
[PlyCount "85"]
[EventDate "2011.09.11"]

1. c4 Nf6 2. Nc3 g6 3. g3 Bg7 4. Bg2 O-O 5. e4 Nc6 6. Nge2 d6 7. O-O e5 8. d3
Nd7 9. f4 f5 10. Be3 Nf6 11. exf5 Bxf5 12. h3 h5 13. Ne4 Nxe4 14. dxe4 Be6 15.
c5 Qd7 16. Kh2 dxc5 17. Qxd7 Bxd7 18. Bxc5 Rf7 19. Rad1 Be6 20. b3 h4 21. f5
gxf5 22. exf5 Rxf5 23. Bd5 Rxf1 24. Bxe6+ Rf7 25. Rd7 Nd8 26. Bd5 b6 27. Be7 c6
28. Rxd8+ Rxd8 29. Bxf7+ Kxf7 30. Bxd8 hxg3+ 31. Nxg3 Ke6 32. Kg2 Kd5 33. Kf3
b5 34. Nf5 Bh8 35. h4 c5 36. h5 e4+ 37. Ke2 Bc3 38. h6 a5 39. h7 a4 40. bxa4
bxa4 41. Ne7+ Kc4 42. Ng8 Kb4 43. Bf6 1-0

[Event "2nd League CS-East 2011"]
[Site "?"]
[Date "2011.09.18"]
[Round "2.5"]
[White "Stankovic, Ivan G"]
[Black "Rankovic, Srdjan"]
[Result "1/2-1/2"]
[WhiteElo "2201"]
[BlackElo "2266"]
[PlyCount "39"]
[EventDate "2011.09.11"]

1. Nf3 d5 2. b3 Bg4 3. Bb2 Nd7 4. d4 e6 5. Nbd2 Ngf6 6. e3 Ne4 7. a3 Nxd2 8.
Qxd2 Bd6 9. Be2 Qe7 10. c4 c6 11. O-O Rd8 12. Qc2 Bf5 13. Bd3 Bxd3 14. Qxd3 e5
15. dxe5 Nxe5 16. Nxe5 Bxe5 17. Bxe5 Qxe5 18. g3 O-O 19. Rfd1 Qe7 20. b4
1/2-1/2

[Event "2nd League CS-East 2011"]
[Site "?"]
[Date "2011.09.18"]
[Round "2.5"]
[White "Stojanovic, Zoran H"]
[Black "Krstic, Ranko"]
[Result "1/2-1/2"]
[WhiteElo "2165"]
[BlackElo "2231"]
[PlyCount "72"]
[EventDate "2011.09.11"]

1. e4 d6 2. d4 Nf6 3. f3 e5 4. dxe5 dxe5 5. Qxd8+ Kxd8 6. Bc4 Ke8 7. Be3 Nbd7
8. Nh3 Bc5 9. Bxc5 Nxc5 10. Ng5 Rf8 11. b4 Na4 12. Bb5+ Bd7 13. Bxd7+ Kxd7 14.
Na3 Rae8 15. O-O-O+ Kc8 16. Rd3 h6 17. Nh3 Rd8 18. Rhd1 Rxd3 19. Rxd3 Rd8 20.
Nf2 a6 21. Kd2 b5 22. Rxd8+ Kxd8 23. Nd3 Nd7 24. c4 c6 25. Kc2 Nab6 26. c5 Na8
27. Kb3 Nc7 28. Nc2 Ne6 29. Kc3 g6 30. Ne3 h5 31. Nc1 Nf4 32. g3 Ne6 33. Nb3
Ng5 34. Nd2 Ne6 35. Nb3 Ng5 36. Nd2 Ne6 1/2-1/2

[Event "2nd League CS-East 2011"]
[Site "?"]
[Date "2011.09.18"]
[Round "2.5"]
[White "Zivkovic, Nemanja"]
[Black "Ristic, Milan"]
[Result "1-0"]
[WhiteElo "2173"]
[BlackElo "2113"]
[PlyCount "104"]
[EventDate "2011.09.11"]

1. Nf3 d5 2. g3 Nf6 3. Bg2 Bg4 4. O-O Nbd7 5. d3 h6 6. c4 dxc4 7. dxc4 e5 8.
Nc3 c6 9. Qc2 Qc7 10. Be3 Be7 11. h3 Be6 12. b3 Nh5 13. Rfd1 O-O 14. Qb2 f5 15.
Rac1 Qa5 16. Na4 Qc7 17. Nc3 Qa5 18. Na4 Qc7 19. Nc3 Qb8 20. Bd2 Bc5 21. Na4
Bxf2+ 22. Kxf2 e4 23. Nd4 Qxg3+ 24. Kg1 e3 25. Be1 Qg6 26. Nxe6 Qxe6 27. Qd4
Ndf6 28. Nc5 Qe7 29. Nd7 Nxd7 30. Qxd7 Qg5 31. Kh2 Rf6 32. Qe7 Qf4+ 33. Kh1 Kh7
34. Rd3 Qg5 35. Rxe3 Raf8 36. h4 Qg6 37. Bf2 Qg4 38. Rcc3 Nf4 39. Bh3 Nxh3 40.
Rxh3 f4 41. Qe4+ Kh8 42. Qf3 Qf5 43. Rd3 Re8 44. Rh2 Rfe6 45. Bd4 c5 46. Bg1
Rg6 47. Rg2 Ree6 48. Rd8+ Kh7 49. Rd5 Qb1 50. h5 Rxg2 51. Kxg2 g6 52. Rd7+ Kg8
1-0

[Event "2nd League CS-East 2011"]
[Site "?"]
[Date "2011.09.18"]
[Round "2.5"]
[White "Djordjevic, Danilo"]
[Black "Trickovic, Vladimir"]
[Result "1/2-1/2"]
[WhiteElo "1974"]
[BlackElo "2123"]
[PlyCount "90"]
[EventDate "2011.09.11"]

1. e4 c5 2. c3 d5 3. exd5 Qxd5 4. d4 Nf6 5. Nf3 Bg4 6. Nbd2 cxd4 7. Bc4 Qd7 8.
Qb3 e6 9. Nxd4 a6 10. N2f3 Bd6 11. h3 Bh5 12. O-O O-O 13. Re1 b5 14. Bf1 Nc6
15. Nxc6 Qxc6 16. Nd4 Qb6 17. a4 b4 18. Nc2 Bc5 19. Be3 Bxe3 20. Rxe3 Nd5 21.
Rg3 bxc3 22. Qxb6 Nxb6 23. Rxc3 Rfc8 24. Rxc8+ Rxc8 25. a5 Nd5 26. Nd4 Nb4 27.
Nb3 Bg6 28. Rc1 Rxc1 29. Nxc1 Bc2 30. f3 Kf8 31. Kf2 Ke7 32. Ke1 Kd6 33. Kd2
Ba4 34. b3 Bc6 35. Bc4 Bd5 36. Kc3 Bxc4 37. Kxc4 Nc2 38. g3 Ne3+ 39. Kc3 Nf1
40. g4 Nh2 41. f4 Nf3 42. Ne2 g5 43. b4 gxf4 44. Nxf4 e5 45. Nh5 Ng5 1/2-1/2

[Event "2nd League CS-East 2011"]
[Site "?"]
[Date "2011.09.18"]
[Round "2.5"]
[White "Bozilov, Dragan"]
[Black "Manojlovic, Nebojsa"]
[Result "0-1"]
[WhiteElo "1887"]
[BlackElo "2151"]
[PlyCount "70"]
[EventDate "2011.09.11"]

1. c4 Nf6 2. Nc3 c6 3. g3 d6 4. Bg2 Qc7 5. d4 e5 6. Bg5 Be7 7. dxe5 dxe5 8. Nf3
Bg4 9. Qc2 Nbd7 10. a3 a5 11. h3 Bh5 12. Nh4 Nc5 13. Nf5 O-O 14. Ne4 Ncxe4 15.
Bxe4 Bg6 16. h4 Bxf5 17. Bxf5 g6 18. Bh3 Rad8 19. Bxf6 Bxf6 20. h5 e4 21. Bg2
e3 22. hxg6 fxg6 23. f4 Rd2 24. Qe4 Qf7 25. Qxe3 Rxb2 26. Be4 Re8 27. Kf2 Qe7
28. Kf3 Rb3 29. Qxb3 Qxe4+ 30. Kg4 Qxe2+ 31. Kh3 Bxa1 32. Rxa1 Qh5+ 33. Kg2
Re2+ 34. Kf1 Rd2 35. c5+ Kf8 0-1

[Event "2nd League CS-East 2011"]
[Site "?"]
[Date "2011.09.18"]
[Round "2.5"]
[White "Stoiljkovic, Stefan"]
[Black "Bozilov, Novica"]
[Result "1-0"]
[WhiteElo "1942"]
[BlackElo "2027"]
[PlyCount "49"]
[EventDate "2011.09.11"]

1. e4 c5 2. c4 Nc6 3. Nc3 g6 4. g3 Bg7 5. Bg2 e6 6. Nge2 Nge7 7. d3 O-O 8. a3
a6 9. Rb1 Nd4 10. Bd2 Nec6 11. b4 Ne5 12. Nc1 cxb4 13. axb4 b5 14. f4 Nec6 15.
N1e2 Rb8 16. Nxd4 Bxd4 17. c5 d6 18. cxd6 Qxd6 19. e5 Qc7 20. Ne4 Bb7 21. Rc1
Rfd8 22. h4 Kg7 23. h5 Qe7 24. hxg6 fxg6 25. Nf6 1-0

[Event "2nd League CS-East 2011"]
[Site "?"]
[Date "2011.09.18"]
[Round "2.6"]
[White "Petkovic, Dragoslav"]
[Black "Krstic, Petar"]
[Result "0-1"]
[WhiteElo "2194"]
[BlackElo "2325"]
[PlyCount "69"]
[EventDate "2011.09.11"]

1. e4 c5 2. Nf3 d6 3. d3 Nc6 4. g3 g6 5. Bg2 Bg7 6. O-O e5 7. c3 Nge7 8. Nbd2
O-O 9. Re1 b5 10. h4 h5 11. Nf1 b4 12. Bg5 bxc3 13. bxc3 Qa5 14. Qc1 Ba6 15.
Rd1 Rab8 16. N1h2 Bc8 17. Nd2 Be6 18. Nc4 Qc7 19. Bh6 d5 20. Bxg7 Kxg7 21. Ne3
Rfd8 22. g4 d4 23. Nf5+ Bxf5 24. exf5 Rh8 25. Be4 hxg4 26. Nxg4 f6 27. Nxf6 Qd6
28. Ng4 gxf5 29. Qg5+ Kf7 30. Bd5+ Nxd5 31. Qxf5+ Nf6 32. Kf1 Qe6 33. Qf3 Qxg4
34. Qxc6 Rb2 35. Rab1 0-1

[Event "2nd League CS-East 2011"]
[Site "?"]
[Date "2011.09.18"]
[Round "2.6"]
[White "Trickovic, Borivoje"]
[Black "Puzic, Slobodan"]
[Result "1-0"]
[WhiteElo "2211"]
[BlackElo "2138"]
[PlyCount "90"]
[EventDate "2011.09.11"]

1. d4 d5 2. Nf3 Nf6 3. g3 c6 4. Bg2 Bf5 5. O-O e6 6. Nbd2 Bd6 7. c4 O-O 8. b3
Nbd7 9. Bb2 Re8 10. h3 h6 11. Ne5 Bh7 12. a3 a5 13. Kh2 Rc8 14. f4 c5 15. e3
Bb8 16. Rc1 Qb6 17. Nxd7 Nxd7 18. cxd5 exd5 19. Bxd5 Bd3 20. Re1 cxd4 21. Bxd4
Qa6 22. Qf3 Qd6 23. Nc4 Bxc4 24. bxc4 b6 25. e4 Nc5 26. e5 Qe7 27. Rb1 Bc7 28.
Re3 Kh8 29. Rbe1 Ne6 30. Bb2 g6 31. h4 Kh7 32. h5 Ng7 33. Be4 Nf5 34. Rd3 Rcd8
35. Red1 Qe6 36. Bd5 Qe7 37. R1d2 Rg8 38. Be4 Qe6 39. Rxd8 Rxd8 40. Rxd8 Bxd8
41. Qd3 Be7 42. hxg6+ fxg6 43. Bd5 Qc8 44. Be4 Bc5 45. Qd5 h5 1-0

[Event "2nd League CS-East 2011"]
[Site "?"]
[Date "2011.09.18"]
[Round "2.6"]
[White "Susulic, Zivan"]
[Black "Mincic, Srbislav"]
[Result "1-0"]
[WhiteElo "2086"]
[BlackElo "2288"]
[PlyCount "69"]
[EventDate "2011.09.11"]

1. e4 e5 2. Nc3 Nf6 3. Bc4 Nc6 4. Nf3 Nxe4 5. Nxe4 d5 6. Bd3 dxe4 7. Bxe4 Bd6
8. d3 O-O 9. c3 Ne7 10. Ng5 h6 11. h4 Bf5 12. Bxf5 Nxf5 13. Qg4 Qc8 14. Ne4 Be7
15. g3 Rd8 16. Qf3 Qe6 17. h5 Rd5 18. Ke2 Rad8 19. Rd1 c5 20. b3 b5 21. Bb2 b4
22. c4 Nd4+ 23. Bxd4 Rxd4 24. g4 g6 25. hxg6 fxg6 26. Rd2 Rf8 27. Qg3 Rf4 28.
f3 Rd8 29. Rh1 Bf8 30. Rh3 Bg7 31. Nxc5 Qf7 32. Ne4 Qd7 33. Qg2 Rdf8 34. Rg3 g5
35. Rc2 1-0

[Event "2nd League CS-East 2011"]
[Site "?"]
[Date "2011.09.18"]
[Round "2.6"]
[White "Nikolic, Vojislav B"]
[Black "Kostic, Aleksandar"]
[Result "1/2-1/2"]
[WhiteElo "1962"]
[BlackElo "1957"]
[PlyCount "157"]
[EventDate "2011.09.11"]

1. e4 e6 2. d4 d5 3. Nd2 Nf6 4. exd5 exd5 5. Ngf3 Bf5 6. Ne5 Bd6 7. Ndf3 Nbd7
8. Bg5 Qe7 9. Qe2 O-O-O 10. Nxd7 Qxd7 11. Bxf6 gxf6 12. O-O-O Qa4 13. Kb1 Bf4
14. b3 Qc6 15. Re1 Rhe8 16. Qd1 Rxe1 17. Nxe1 Qc3 18. Bd3 Bxd3 19. Qxd3 Bd2 20.
Nf3 Qxd3 21. cxd3 Ba5 22. Rc1 c6 23. Rc2 Re8 24. Kc1 Kd7 25. Kd1 Bb6 26. Re2
Rxe2 27. Kxe2 Ke6 28. Ke3 Kf5 29. h3 h5 30. g3 Bc7 31. Ng1 a6 32. Ne2 Bb8 33.
f4 Bc7 34. Kf3 Bb6 35. Ke3 Ba5 36. Kf3 Bb6 37. Ke3 Ba5 38. Ng1 Be1 39. Kf3 Ba5
40. g4+ hxg4+ 41. hxg4+ Ke6 42. f5+ Ke7 43. Ne2 Bd2 44. Ng3 Kd6 45. Nf1 Bg5 46.
Ng3 Kc7 47. Ne2 Bd2 48. Nf4 Kb6 49. Ng2 Kb5 50. Ke2 Bg5 51. Kd1 Kb4 52. Kc2 a5
53. Kb2 Bd2 54. a3+ Kb5 55. Kc2 Bg5 56. Ne1 Ka6 57. Kc3 b5 58. a4 b4+ 59. Kc2
Kb7 60. Nf3 Kc7 61. Kd1 Kd6 62. Ke2 Ke7 63. Ne1 Kd6 64. Kf3 Ke7 65. Ng2 Kd6 66.
Nf4 Ke7 67. Ng2 Kd6 68. Ne3 Kc7 69. Nc2 Kd7 70. Ke2 Kd6 71. Kf3 Ke7 72. Ne1 Kd6
73. Ng2 Ke7 74. Kg3 Kd6 75. Nf4 Ke7 76. Kf3 Kd6 77. Nh5 Ke7 78. Ng3 Kf8 79. Nh5
1/2-1/2

[Event "2nd League CS-East 2011"]
[Site "?"]
[Date "2011.09.18"]
[Round "2.6"]
[White "Kostic, Stefan"]
[Black "Ilic, Stefan B"]
[Result "1-0"]
[WhiteElo "1950"]
[BlackElo "1774"]
[PlyCount "87"]
[EventDate "2011.09.11"]

1. e4 e5 2. Bc4 Nf6 3. d3 Nc6 4. Nf3 Bc5 5. c3 O-O 6. b4 Bb6 7. b5 Na5 8. Nxe5
d5 9. exd5 Re8 10. f4 Ng4 11. Kd2 Nxe5 12. fxe5 Qg5+ 13. Kc2 Qxg2+ 14. Bd2 Nxc4
15. dxc4 Bf5+ 16. Kb3 Bc2+ 17. Kxc2 Qe4+ 18. Kb3 Qxe5 19. Qf3 a6 20. Na3 Bc5
21. Rae1 Qd6 22. Nc2 Red8 23. a4 axb5 24. axb5 c6 25. Bf4 Qf6 26. dxc6 bxc6 27.
Qxc6 Qf5 28. Qe4 Qh3 29. Rhf1 Rac8 30. Qb7 Qg4 31. Ne3 Bxe3 32. Rxe3 Qg6 33.
Rg3 Qe6 34. Bc7 f6 35. Rxg7+ Kxg7 36. Bxd8+ Kg8 37. Qg2+ Kf7 38. Rxf6+ Qxf6 39.
Bxf6 Kxf6 40. Qf3+ Ke5 41. Qd5+ Kf6 42. Qd6+ Kg5 43. b6 Rg8 44. Qg3+ 1-0